000 00248nam a22000977a 4500
005 20250901165437.0
008 210401b ||||| |||| 00| 0 eng d
050 _aHD30.3 .B47 1979
245 _aPractical communication
_cBERGIN, FRANCIS J.
942 _2lcc
999 _c4086
_d4086